[Event "Schachbundesliga 2013/2014"]
[Site "?"]
[Date "2014.04.05"]
[Round "14.5"]
[White "Mladenov, Svetlin"]
[Black "Seger, Ruediger"]
[Result "1-0"]
[WhiteElo "2453"]
[BlackElo "2374"]
[PlyCount "83"]
[EventDate "2014.??.??"]
[WhiteClock "0:51:03"]
[BlackClock "0:44:59"]

1. e4 c6 2. c4 d5 3. exd5 cxd5 4. cxd5 Nf6 5. Nc3 Nxd5 6. Nf3 Nc6 7. Bb5 e6 8.
O-O Be7 9. d4 O-O 10. Re1 Bd7 11. Bd3 Nf6 12. a3 Qa5 13. Bf4 Rac8 14. Qd2 Qd8
15. Rad1 Nd5 16. Nxd5 exd5 17. h3 Bf6 18. b4 Re8 19. Ne5 Re7 20. Bb1 Be6 21.
Qd3 g6 22. Qg3 Bg7 23. h4 Nxe5 24. Bxe5 Bxe5 25. Qxe5 Re8 26. Qg3 Qd7 27. Re5
f6 28. Re3 Bf5 29. Rxe8+ Rxe8 30. Bxf5 Qxf5 31. Rc1 Kg7 32. Qc7+ Kh6 33. Qf7
Qf4 34. Rf1 Rb8 35. Qxd5 Qxh4 36. Re1 Qf4 37. g3 Qc7 38. Qe6 Rf8 39. d5 Rd8 40.
Qxf6 Rxd5 41. Qf8+ Kg5 42. Re5+ 1-0

[Event "Schachbundesliga 2013/2014"]
[Site "?"]
[Date "2014.04.05"]
[Round "14.6"]
[White "Kolbus, Dietmar"]
[Black "Dinstuhl, Volkmar"]
[Result "1/2-1/2"]
[WhiteElo "2302"]
[BlackElo "2401"]
[PlyCount "182"]
[EventDate "2014.??.??"]
[WhiteClock "0:02:04"]
[BlackClock "0:05:29"]

1. c4 e5 2. g3 c6 3. Bg2 d5 4. cxd5 cxd5 5. Nc3 Nf6 6. d4 exd4 7. Qxd4 Nc6 8.
Qd1 d4 9. Nb1 Bf5 10. Qa4 Ne4 11. Nf3 d3 12. O-O dxe2 13. Re1 Bb4 14. Rxe2 O-O
15. Nbd2 Nc5 16. Qd1 Ne6 17. a3 Be7 18. b4 Bf6 19. Ra2 Bb1 20. Rb2 Bxb2 21.
Bxb2 Bd3 22. Re3 a5 23. Qb3 Bg6 24. bxa5 Nxa5 25. Qb5 Nc7 26. Qf1 Nd5 27. Re1
Nf6 28. Qb5 Re8 29. Rc1 Ne4 30. Nxe4 Bxe4 31. Nd4 Nc6 32. Bxe4 Nxd4 33. Qd3 f5
34. Qc4+ Kh8 35. Bxb7 Ne2+ 36. Kg2 Nxc1 37. Qxc1 Rb8 38. Bf3 Rb3 39. Bc6 Re2
40. Ba1 Qb6 41. Bxg7+ Kxg7 42. Qg5+ Kf7 43. Bd5+ Re6 44. Qxf5+ Ke7 45. Qxh7+
Kd6 46. Bxe6 Kxe6 47. Qe4+ Kd6 48. Qf4+ Kd5 49. Qf5+ Kd4 50. Qd7+ Kc3 51. Qg7+
Kc2 52. Qh7+ Kb2 53. Qe4 Kxa3 54. h4 Qc5 55. Qa8+ Kb2 56. Qe4 Rc3 57. Qe2+ Kb3
58. Qe4 Qc4 59. Qb7+ Kc2 60. h5 Rb3 61. Qh7+ Kd2 62. Qf5 Qc6+ 63. f3 Re3 64.
Qa5+ Rc3 65. Qf5 Rc2 66. Kh3 Ke3 67. Kg4 Rc4+ 68. f4 Qf3+ 69. Kh4 Kf2 70. Qg4
Qe4 71. Qd7 Qe3 72. Qh3 Qe7+ 73. Kg4 Re4 74. Qh2+ Ke3 75. Qg1+ Kd2 76. Qf2+ Kd3
77. Qf3+ Kc4 78. Qf1+ Re2 79. Qc1+ Kb3 80. Qb1+ Kc3 81. Qc1+ Rc2 82. Qa1+ Kd2
83. Qd4+ Ke2 84. Qe5+ Qxe5 85. fxe5 Rc8 86. h6 Rh8 87. Kg5 Kf3 88. Kg6 Kxg3 89.
h7 Kf4 90. Kg7 Rxh7+ 91. Kxh7 Kxe5 1/2-1/2

[Event "Schachbundesliga 2013/2014"]
[Site "?"]
[Date "2014.04.05"]
[Round "14.7"]
[White "Straeter, Timo"]
[Black "Dany, Alexander"]
[Result "1/2-1/2"]
[WhiteElo "2350"]
[BlackElo "2110"]
[PlyCount "107"]
[EventDate "2014.??.??"]
[WhiteClock "0:14:51"]
[BlackClock "0:06:04"]

1. d4 d5 2. c4 e6 3. Nf3 Nf6 4. g3 Be7 5. Bg2 O-O 6. O-O Nbd7 7. Qc2 a6 8. Nbd2
c6 9. e4 dxe4 10. Nxe4 Nxe4 11. Qxe4 Nf6 12. Qc2 c5 13. Rd1 cxd4 14. Rxd4 Qb6
15. Rh4 Rd8 16. Be3 Qa5 17. a3 e5 18. Bd2 Qc7 19. Bc3 e4 20. Nd2 Bf5 21. Rf4
Bg6 22. Nxe4 Nh5 23. Rf3 Qxc4 24. Re3 Nf6 25. Nxf6+ Bxf6 26. Qc1 Rac8 27. Bxb7
Rc7 28. Bg2 Bd4 29. Rf3 Be4 30. Bf1 Qc6 31. Rf4 f5 32. Rh4 Bxc3 33. bxc3 Qxc3
34. Qxc3 Rxc3 35. Bg2 Bxg2 36. Kxg2 h6 37. a4 a5 38. Rb1 Rd5 39. Rb7 Rc2 40.
Rf4 Kh7 41. h4 h5 42. Ra7 Kg6 43. Rf3 Kh6 44. Ra6+ Kh7 45. Rf4 Kg8 46. Rf3 Kh7
47. Ra7 Kg6 48. Ra6+ Kh7 49. Rb6 Rc4 50. Rb5 Rxb5 51. axb5 Rc5 52. b6 Rb5 53.
b7 g6 54. Ra3 1/2-1/2

[Event "Schachbundesliga 2013/2014"]
[Site "?"]
[Date "2014.04.05"]
[Round "14.8"]
[White "Yankelevich, Lev"]
[Black "Thiel, Thomas"]
[Result "1-0"]
[WhiteElo "2197"]
[BlackElo "2296"]
[PlyCount "59"]
[EventDate "2014.??.??"]
[WhiteClock "0:09:42"]
[BlackClock "0:01:19"]

1. e4 c5 2. Nf3 Nc6 3. Nc3 e6 4. d4 cxd4 5. Nxd4 Nf6 6. Nxc6 bxc6 7. e5 Nd5 8.
Ne4 Ba6 9. Bxa6 Qa5+ 10. Bd2 Qxa6 11. b3 Qb6 12. O-O Qd4 13. Re1 Qxe5 14. c4
Nf4 15. Bc3 Qh5 16. Qd2 Qg4 17. Ng3 d5 18. Be5 Ng6 19. h3 Qh4 20. cxd5 cxd5 21.
Nf5 Qd8 22. Bxg7 Rg8 23. Bxf8 Nxf8 24. Qb4 Rb8 25. Qf4 Ng6 26. Nd6+ Kd7 27.
Qxf7+ Kxd6 28. Qxe6+ Kc5 29. Rec1+ Kb4 30. a3+ 1-0

[Event "Schachbundesliga 2013/2014"]
[Site "?"]
[Date "2014.04.05"]
[Round "14.2"]
[White "Hracek, Zbynek"]
[Black "Tazbir, Marcin"]
[Result "1/2-1/2"]
[WhiteElo "2636"]
[BlackElo "2544"]
[PlyCount "42"]
[EventDate "2014.??.??"]
[WhiteClock "0:25:47"]
[BlackClock "0:37:23"]

1. e4 c6 2. d4 d5 3. Nc3 dxe4 4. Nxe4 Nf6 5. Nxf6+ gxf6 6. Nf3 Bf5 7. Bd3 Bg6
8. O-O Qc7 9. c4 Nd7 10. Be3 e6 11. a3 O-O-O 12. b4 Ne5 13. Be2 Ng4 14. Qc1
Nxe3 15. Qxe3 Kb8 16. c5 h5 17. Bd3 Bxd3 18. Qxd3 f5 19. Rab1 Bg7 20. b5 cxb5
21. Rxb5 Rd7 1/2-1/2

[Event "Schachbundesliga 2013/2014"]
[Site "?"]
[Date "2014.04.05"]
[Round "14.3"]
[White "Bulski, Krzysztof"]
[Black "Nyback, Tomi"]
[Result "1/2-1/2"]
[WhiteElo "2534"]
[BlackElo "2599"]
[PlyCount "41"]
[EventDate "2014.??.??"]
[WhiteClock "0:19:39"]
[BlackClock "0:54:34"]

1. d4 d5 2. c4 c6 3. Nc3 Nf6 4. e3 e6 5. Nf3 Nbd7 6. Bd3 dxc4 7. Bxc4 b5 8. Bd3
Bd6 9. O-O O-O 10. a3 Bb7 11. Qc2 Rc8 12. b4 c5 13. bxc5 Bxf3 14. gxf3 Nxc5 15.
dxc5 Rxc5 16. Bb2 Bxh2+ 17. Kxh2 Rh5+ 18. Kg2 Rg5+ 19. Kh1 Rh5+ 20. Kg2 Rg5+
21. Kh1 1/2-1/2

[Event "Schachbundesliga 2013/2014"]
[Site "?"]
[Date "2014.04.05"]
[Round "14.4"]
[White "Babula, Vlastimil"]
[Black "Grabarczyk, Miroslaw"]
[Result "1/2-1/2"]
[WhiteElo "2569"]
[BlackElo "2465"]
[PlyCount "41"]
[EventDate "2014.??.??"]
[WhiteClock "0:10:50"]
[BlackClock "0:13:21"]

1. d4 d5 2. Nf3 e6 3. c4 a6 4. e3 Nf6 5. b3 c5 6. Nbd2 Nc6 7. Bb2 Bd6 8. Bd3
O-O 9. O-O Qe7 10. Ne5 Rd8 11. cxd5 Nb4 12. dxe6 Bxe6 13. Bb1 cxd4 14. exd4
Rac8 15. a3 Nc6 16. Nxc6 Rxc6 17. Re1 Bb8 18. Bd3 Qc7 19. g3 Ba7 20. Nc4 b5 21.
Ne5 1/2-1/2

[Event "Schachbundesliga 2013/2014"]
[Site "?"]
[Date "2014.04.05"]
[Round "14.5"]
[White "Murdzia, Piotr"]
[Black "Bluebaum, Matthias"]
[Result "1/2-1/2"]
[WhiteElo "2449"]
[BlackElo "2510"]
[PlyCount "89"]
[EventDate "2014.??.??"]
[WhiteClock "0:15:53"]
[BlackClock "0:04:46"]

1. d4 d5 2. c4 c6 3. Nf3 Nf6 4. Nc3 dxc4 5. a4 Bf5 6. e3 e6 7. Bxc4 Bb4 8. O-O
O-O 9. Qe2 Bg4 10. h3 Bh5 11. Rd1 Nbd7 12. e4 Re8 13. e5 Nd5 14. Nxd5 cxd5 15.
Bd3 Rc8 16. Be3 a6 17. Rdc1 Nf8 18. Rxc8 Qxc8 19. Rc1 Qd8 20. g4 Bg6 21. Bxg6
Nxg6 22. Qc2 Ba5 23. Bd2 Bxd2 24. Qxd2 f6 25. Qe3 Rf8 26. Rc3 h6 27. exf6 Qxf6
28. Ne5 Nxe5 29. dxe5 Qf7 30. Kg2 h5 31. a5 Qg6 32. f3 Qf7 33. Qd4 Kh8 34. Qe3
Qd7 35. Qd3 Qa4 36. Rc7 Qf4 37. Qe2 h4 38. Qf2 Qxe5 39. Qxh4+ Kg8 40. Rxb7 Qe2+
41. Qf2 Qd1 42. Qe3 e5 43. Kg3 Qf1 44. Re7 d4 45. Rxg7+ 1/2-1/2

[Event "Schachbundesliga 2013/2014"]
[Site "?"]
[Date "2014.04.05"]
[Round "14.6"]
[White "Markgraf, Alexander"]
[Black "Horvath, Peter"]
[Result "1-0"]
[WhiteElo "2483"]
[BlackElo "2449"]
[PlyCount "81"]
[EventDate "2014.??.??"]
[WhiteClock "0:00:32"]
[BlackClock "0:00:45"]

1. e4 c5 2. Nf3 Nc6 3. d4 cxd4 4. Nxd4 e5 5. Nb5 d6 6. N1c3 a6 7. Na3 Be7 8.
Be3 Nf6 9. Nc4 O-O 10. Bb6 Qd7 11. Be2 Rb8 12. a4 Bd8 13. Be3 Ba5 14. Nxa5 Nxa5
15. Bb6 Nc6 16. O-O Ne7 17. Bf3 Qc6 18. a5 Nd7 19. Nd5 Ng6 20. Bc7 Ra8 21. b4
Nf6 22. Nxf6+ gxf6 23. Qxd6 Qxd6 24. Bxd6 Rd8 25. Rfd1 Be6 26. Rd2 Rac8 27.
Rad1 Rc4 28. Bc5 Rxd2 29. Rxd2 Nh4 30. Bh5 Ng6 31. Be2 Rc3 32. g3 f5 33. h4 h5
34. Bxh5 f4 35. Kg2 Kg7 36. Bd1 Nf8 37. Bd6 Nd7 38. gxf4 exf4 39. Bxf4 Rc4 40.
Bd6 Rxe4 41. Bf3 1-0

[Event "Schachbundesliga 2013/2014"]
[Site "?"]
[Date "2014.04.05"]
[Round "14.7"]
[White "Farago, Ivan"]
[Black "Meins, Gerlef"]
[Result "0-1"]
[WhiteElo "2484"]
[BlackElo "2448"]
[PlyCount "136"]
[EventDate "2014.??.??"]
[WhiteClock "0:09:31"]
[BlackClock "0:01:47"]

1. d4 Nf6 2. c4 e6 3. Nf3 Bb4+ 4. Bd2 Qe7 5. g3 Bxd2+ 6. Qxd2 Nc6 7. Nc3 d5 8.
cxd5 exd5 9. Bg2 Bg4 10. O-O O-O 11. Rac1 Rfe8 12. Qf4 Rad8 13. Rfd1 a6 14. h3
Bxf3 15. Bxf3 Rd6 16. Qf5 g6 17. Qg5 Nd8 18. Rd3 Ne6 19. Qd2 c6 20. Re1 Qd8 21.
Bg2 Ng7 22. Re3 Rxe3 23. Qxe3 Nf5 24. Qd2 Re6 25. e3 Nd6 26. Qc2 Nfe4 27. Bxe4
Nxe4 28. Nxe4 Rxe4 29. Kg2 Qa5 30. Qb1 c5 31. dxc5 Qxc5 32. Rd1 Rc4 33. Qd3 Rc2
34. Qb3 Qc6 35. Kg1 Re2 36. Rd4 Qc1+ 37. Kg2 Qxb2 38. Qxb2 Rxb2 39. a4 Ra2 40.
Rb4 h5 41. Rxb7 Rxa4 42. Rd7 Ra5 43. Rd6 Kf8 44. g4 Ke7 45. Rb6 h4 46. Kf3 g5
47. Kg2 Ra2 48. Kg1 a5 49. Rb7+ Ke6 50. Rb6+ Ke5 51. Rb7 f6 52. Re7+ Kd6 53.
Rf7 Ke6 54. Rf8 a4 55. Re8+ Kd6 56. Rf8 Ke6 57. Ra8 a3 58. Ra6+ Kd7 59. Kg2 Kc7
60. Kf1 Kb7 61. Ra4 Kb6 62. Ra8 Kb5 63. Rb8+ Kc4 64. Rc8+ Kd3 65. Ra8 Ra1+ 66.
Kg2 Ke2 67. Rc8 Ra2 68. Rc5 Rd2 0-1

[Event "Schachbundesliga 2013/2014"]
[Site "?"]
[Date "2014.04.05"]
[Round "14.8"]
[White "Joachim, Sven"]
[Black "Grabarczyk, Bogdan"]
[Result "1/2-1/2"]
[WhiteElo "2422"]
[BlackElo "2393"]
[PlyCount "140"]
[EventDate "2014.??.??"]
[WhiteClock "0:01:07"]
[BlackClock "0:04:09"]

1. e4 c5 2. Nf3 d6 3. Bb5+ Nc6 4. O-O Bd7 5. Re1 a6 6. Bf1 Bg4 7. c3 Nf6 8. d3
g6 9. Nbd2 Bg7 10. h3 Bxf3 11. Nxf3 O-O 12. d4 cxd4 13. cxd4 Rc8 14. a3 Qb6 15.
Rb1 d5 16. e5 Ne4 17. Bd3 f5 18. exf6 Nxf6 19. Be3 Nh5 20. Bf1 Nf4 21. Ne5 Bxe5
22. dxe5 d4 23. Bd2 Rcd8 24. Qg4 Nh5 25. Bh6 Rf5 26. Qh4 Ng7 27. Bd3 Rh5 28.
Bc4+ Kh8 29. Qf4 Rf5 30. Qd2 Rxe5 31. Bd3 Qa5 32. Be4 Nf5 33. Qxa5 Rxa5 34. Bd2
Re5 35. f4 Re6 36. g4 Nd6 37. Bxc6 Rxe1+ 38. Rxe1 bxc6 39. Bb4 Rd7 40. Kf2 Kg8
41. Bc5 d3 42. Bxd6 Rxd6 43. Rd1 c5 44. b3 d2 45. Ke2 Rb6 46. Rb1 Rf6 47. Kxd2
Rxf4 48. Ke3 Rf6 49. Rc1 Rb6 50. Rc3 Kf7 51. Kd3 e6 52. Ke4 Kf6 53. h4 h6 54.
Kf4 g5+ 55. hxg5+ hxg5+ 56. Ke4 Rb5 57. Rf3+ Ke7 58. Rd3 Ra5 59. a4 c4 60. bxc4
Rxa4 61. Kd4 Kd6 62. Rb3 e5+ 63. Ke4 Rxc4+ 64. Kf5 e4 65. Kxg5 Ke5 66. Rb8 Rc1
67. Re8+ Kd4 68. Rd8+ Ke3 69. Kh6 Rc6+ 70. Kh5 Kf4 1/2-1/2

[Event "Schachbundesliga 2013/2014"]
[Site "?"]
[Date "2014.04.05"]
[Round "14.1"]
[White "Maze, Sebastien"]
[Black "Ernst, Sipke"]
[Result "1-0"]
[WhiteElo "2550"]
[BlackElo "2573"]
[PlyCount "99"]
[EventDate "2014.??.??"]
[WhiteClock "0:25:14"]
[BlackClock "0:46:07"]

1. e4 e5 2. Nf3 Nc6 3. Bb5 a6 4. Ba4 Nf6 5. d3 d6 6. c3 Be7 7. O-O O-O 8. Re1
b5 9. Bc2 Bb7 10. Nbd2 Re8 11. a4 Bf8 12. Nf1 Nb8 13. Ng3 Nbd7 14. d4 exd4 15.
Nxd4 c5 16. Ndf5 Ne5 17. Bg5 h6 18. Bxf6 Qxf6 19. Nh5 Qd8 20. f4 Ng6 21. Qg4
Kh8 22. Rad1 Qb6 23. a5 Qc7 24. h4 Bc8 25. Qg3 c4 26. Kh2 Qd8 27. Nxd6 Bxd6 28.
e5 Qxh4+ 29. Qxh4 Nxh4 30. Rxd6 Bf5 31. Bxf5 Nxf5 32. Rd7 Re7 33. Red1 Kg8 34.
Ng3 Ne3 35. R1d6 Rxd7 36. Rxd7 g5 37. Nh5 gxf4 38. Kh3 Kf8 39. Nxf4 Nf5 40. Kg4
Ne7 41. Rd6 Kg7 42. Nh5+ Kf8 43. Nf4 Kg7 44. Kf3 Ra7 45. Ke4 Ra8 46. g4 Kh7 47.
Rd7 Nc6 48. Rxf7+ Kg8 49. Rc7 Nxa5 50. Nd5 1-0

[Event "Schachbundesliga 2013/2014"]
[Site "?"]
[Date "2014.04.05"]
[Round "14.2"]
[White "Ghaem Maghami, Ehsan"]
[Black "Wells, Peter K"]
[Result "1/2-1/2"]
[WhiteElo "2556"]
[BlackElo "2487"]
[PlyCount "63"]
[EventDate "2014.??.??"]
[WhiteClock "0:05:16"]
[BlackClock "0:06:09"]

1. e4 c5 2. Nf3 Nc6 3. Nc3 d6 4. d4 cxd4 5. Nxd4 Nf6 6. Bc4 e6 7. O-O Be7 8.
Be3 O-O 9. Bb3 a6 10. f4 Nxd4 11. Bxd4 b5 12. e5 dxe5 13. fxe5 Nd7 14. Ne4 Bb7
15. Nd6 Bxd6 16. exd6 Qg5 17. Qe2 e5 18. Be3 Qg6 19. Rad1 Kh8 20. Qf2 f5 21.
Qg3 f4 22. Qxg6 hxg6 23. Bf2 g5 24. Rd3 Kh7 25. Rc3 Rac8 26. Rxc8 Rxc8 27. Re1
Bc6 28. Be6 Re8 29. Bf7 Rf8 30. Be6 Re8 31. Bf7 Rf8 32. Be6 1/2-1/2

[Event "Schachbundesliga 2013/2014"]
[Site "?"]
[Date "2014.04.05"]
[Round "14.3"]
[White "Abergel, Thal"]
[Black "Svane, Rasmus"]
[Result "0-1"]
[WhiteElo "2413"]
[BlackElo "2458"]
[PlyCount "92"]
[EventDate "2014.??.??"]
[WhiteClock "0:49:15"]
[BlackClock "1:09:30"]

1. e4 c6 2. Ne2 d5 3. e5 d4 4. b4 a5 5. Bb2 axb4 6. Nxd4 Qd5 7. Nf3 Rxa2 8.
Rxa2 Qxa2 9. Qc1 Bg4 10. Be2 e6 11. O-O Nd7 12. d4 Nb6 13. Nbd2 Na4 14. Ba1 Bf5
15. Ne1 Ne7 16. f4 h5 17. Rf3 b5 18. c4 bxc3 19. Bxc3 Kd7 20. Bd1 Nd5 21. Bxa4
Qxa4 22. Bb2 Bg4 23. Rf2 Qd1 24. Qxd1 Bxd1 25. f5 Be7 26. fxe6+ Kxe6 27. Ne4 f5
28. Nc5+ Bxc5 29. dxc5 Ra8 30. Rd2 Ra2 31. Nd3 Bb3 32. Nc1 Rxb2 33. Rxb2 Bc4
34. Nb3 Bxb3 35. Rxb3 Kxe5 36. Rd3 Ke4 37. Rd2 b4 38. Kf2 g5 39. g3 g4 40. Rd1
Nc3 41. Rd6 b3 42. Rxc6 b2 43. Rb6 Kd5 44. Ke3 b1=Q 45. Rxb1 Nxb1 46. Kf4 Nd2
0-1

[Event "Schachbundesliga 2013/2014"]
[Site "?"]
[Date "2014.04.05"]
[Round "14.4"]
[White "Rogozenco, Dorian"]
[Black "Libiszewski, Fabien"]
[Result "0-1"]
[WhiteElo "2516"]
[BlackElo "2522"]
[PlyCount "70"]
[EventDate "2014.??.??"]
[WhiteClock "0:06:51"]
[BlackClock "0:01:10"]

1. d4 Nf6 2. c4 g6 3. Nc3 Bg7 4. e4 d6 5. Be2 O-O 6. Nf3 e5 7. O-O Nc6 8. d5
Ne7 9. b4 Ne8 10. c5 f5 11. Ng5 h6 12. Ne6 Bxe6 13. dxe6 fxe4 14. cxd6 Nxd6 15.
b5 Qc8 16. Bg4 Ndf5 17. Qb3 Kh7 18. Nxe4 c5 19. Ba3 b6 20. Rad1 Nd4 21. Qh3 Kg8
22. Rd3 Qb7 23. Re1 Rf4 24. Nd6 Qd5 25. Nf7 Qxa2 26. Bf3 Nef5 27. Bc1 Nxf3+ 28.
gxf3 Rh4 29. Qg2 Qxe6 30. Nxe5 Rd4 31. f4 Rf8 32. Ra3 Bxe5 33. fxe5 Nh4 34. Qb7
Rd1 35. Qe4 Qg4+ 0-1

[Event "Schachbundesliga 2013/2014"]
[Site "?"]
[Date "2014.04.05"]
[Round "14.5"]
[White "Beikert, Guenther"]
[Black "Heinemann, Thies"]
[Result "1/2-1/2"]
[WhiteElo "2422"]
[BlackElo "2461"]
[PlyCount "121"]
[EventDate "2014.??.??"]

1. d4 Nf6 2. c4 e6 3. Nc3 Bb4 4. e3 b6 5. Nge2 c5 6. a3 Ba5 7. Qa4 Na6 8. Bd2
O-O 9. b4 cxb4 10. Nb5 bxa3 11. Bxa5 bxa5 12. Nec3 Nb4 13. Be2 Bb7 14. O-O d6
15. Nxa3 Bc6 16. Qd1 a6 17. Qd2 Qc7 18. Rfc1 Rfc8 19. Qd1 Qd8 20. Nab1 Ne4 21.
Nxe4 Bxe4 22. Nc3 Bc6 23. Ra3 Bb7 24. Rca1 Nc6 25. Ne4 Ne7 26. Nd2 Nc6 27. Nb3
Rcb8 28. Nxa5 Nxa5 29. Rxa5 h6 30. h3 Qc7 31. Bd3 Bc8 32. Qg4 Qe7 33. Qe4 g6
34. Qf4 Kg7 35. c5 dxc5 36. Rxc5 Qf6 37. Qg3 Rb2 38. Rca5 Bb7 39. Bxa6 Rxa6 40.
Rxa6 Bxa6 41. Rxa6 h5 42. Ra5 h4 43. Qf3 Rb1+ 44. Kh2 Rb2 45. Qxf6+ Kxf6 46. f3
Rb1 47. Re5 g5 48. Re4 Kf5 49. Rg4 Rf1 50. e4+ Kg6 51. f4 f6 52. fxg5 fxg5 53.
g3 Rf2+ 54. Kg1 hxg3 55. h4 Rd2 56. Rxg5+ Kh6 57. Re5 Kg6 58. Rxe6+ Kh5 59. d5
Kg4 60. Rf6 Kh3 61. Rf1 1/2-1/2

[Event "Schachbundesliga 2013/2014"]
[Site "?"]
[Date "2014.04.05"]
[Round "14.6"]
[White "Van Delft, Merijn"]
[Black "Meinhardt, Maximilian"]
[Result "1/2-1/2"]
[WhiteElo "2425"]
[BlackElo "2394"]
[PlyCount "82"]
[EventDate "2014.??.??"]
[WhiteClock "0:01:48"]
[BlackClock "0:01:50"]

1. e4 e6 2. d4 d5 3. Nd2 Nc6 4. Ngf3 Nf6 5. e5 Nd7 6. Nb3 a6 7. Bf4 f6 8. exf6
Nxf6 9. Bd3 Bd6 10. Ne5 Nb4 11. O-O O-O 12. Bg3 Qe8 13. c3 Nxd3 14. Nxd3 Bd7
15. Nbc5 b6 16. Nxd7 Qxd7 17. Qe2 Ne4 18. Be5 Rae8 19. f3 Ng5 20. Rfe1 Nf7 21.
Bg3 Bxg3 22. hxg3 Qd6 23. g4 c5 24. b4 c4 25. Ne5 Nxe5 26. Qxe5 Qxe5 27. Rxe5
Rf6 28. Rae1 Kf7 29. g5 Rf5 30. Rxf5+ exf5 31. Rxe8 Kxe8 32. Kh2 Kf7 33. Kg3 h5
34. gxh6 gxh6 35. a4 b5 36. a5 Kg7 37. Kh4 Kg6 38. g3 h5 39. f4 Kh6 40. Kh3 Kg6
41. Kh4 Kh6 1/2-1/2

[Event "Schachbundesliga 2013/2014"]
[Site "?"]
[Date "2014.04.05"]
[Round "14.7"]
[White "Mandel, Andreas"]
[Black "Berger, Steve"]
[Result "1/2-1/2"]
[WhiteElo "2408"]
[BlackElo "2412"]
[PlyCount "87"]
[EventDate "2014.??.??"]
[WhiteClock "1:08:12"]
[BlackClock "0:42:51"]

1. d4 e6 2. Nf3 Nf6 3. c4 Bb4+ 4. Bd2 Qe7 5. g3 Nc6 6. Nc3 O-O 7. Bg2 Na5 8. b3
b6 9. O-O Bb7 10. Qc2 Rac8 11. Nb5 Bxd2 12. Qxd2 Bxf3 13. Bxf3 c6 14. Nc3 d5
15. cxd5 cxd5 16. Rac1 Qb4 17. e3 Rc6 18. Qd3 Rfc8 19. Ne2 g5 20. Rxc6 Rxc6 21.
e4 dxe4 22. Bxe4 Nxe4 23. Qxe4 Qd2 24. Kg2 Rc2 25. Ng1 Rxa2 26. Nf3 Qc2 27. Qe3
h6 28. Rc1 Qe2 29. Qxe2 Rxe2 30. b4 Nb3 31. Rb1 Nd2 32. Rb2 Nxf3 33. Rxe2 Nxd4
34. Rd2 Nb5 35. Rd7 g4 36. f3 h5 37. Kf2 gxf3 38. Kxf3 Kg7 39. Ke4 Kf6 40. Rd8
a5 41. bxa5 bxa5 42. Ra8 Nd6+ 43. Kf3 Nc4 44. h3 1/2-1/2

[Event "Schachbundesliga 2013/2014"]
[Site "?"]
[Date "2014.04.05"]
[Round "14.8"]
[White "Lampert, Jonas"]
[Black "Martin, Stefan"]
[Result "1-0"]
[WhiteElo "2376"]
[BlackElo "2187"]
[PlyCount "133"]
[EventDate "2014.??.??"]
[WhiteClock "0:06:20"]
[BlackClock "0:33:41"]

1. e4 c5 2. Nf3 d6 3. d4 cxd4 4. Nxd4 Nf6 5. Nc3 Nc6 6. Bg5 e6 7. Qd2 a6 8.
O-O-O Bd7 9. f4 Be7 10. Nf3 b5 11. a3 b4 12. axb4 Nxb4 13. Kb1 Bc6 14. e5 dxe5
15. Nxe5 Qxd2 16. Rxd2 Bb7 17. f5 Nfd5 18. Nxd5 Nxd5 19. Bxe7 Kxe7 20. fxe6
fxe6 21. Bc4 Rad8 22. Rf2 Rhf8 23. Rxf8 Rxf8 24. Re1 Rf2 25. Nd3 Rf6 26. Nc5
Bc6 27. Bxa6 Nc7 28. Bd3 Rh6 29. h3 Bxg2 30. Rg1 Bxh3 31. Rxg7+ Kd6 32. Nb7+
Kc6 33. Na5+ Kb6 34. Nc4+ Kc6 35. Ne5+ Kd5 36. Nf7 Rh5 37. Be2 Rh4 38. Ng5 Bg4
39. Bxg4 Rxg4 40. Rxc7 Rxg5 41. Rxh7 e5 42. b3 Rg8 43. Kb2 Re8 44. c4+ Kc6 45.
Rh6+ Kc7 46. Kc3 e4 47. Rh2 Kd6 48. Kd4 Rg8 49. Rh6+ Kc7 50. Kxe4 Rg3 51. b4
Rg4+ 52. Kd3 Rg3+ 53. Kc2 Rf3 54. Rh2 Kc6 55. Rd2 Rh3 56. Rd3 Rh4 57. Kc3 Rh1
58. b5+ Kb6 59. Rd6+ Kc7 60. Rf6 Rh3+ 61. Kb4 Rh4 62. b6+ Kb7 63. Kb5 Rh1 64.
Rf7+ Kc8 65. c5 Rh5 66. Ka6 Rh6 67. Ka7 1-0

[Event "Schachbundesliga 2013/2014"]
[Site "?"]
[Date "2014.04.05"]
[Round "14.1"]
[White "Giri, Anish"]
[Black "Kraemer, Martin"]
[Result "1-0"]
[WhiteElo "2749"]
[BlackElo "2546"]
[PlyCount "227"]
[EventDate "2014.??.??"]
[WhiteClock "0:02:33"]
[BlackClock "0:22:23"]

1. e4 c5 2. Nf3 d6 3. Bb5+ Bd7 4. Bxd7+ Qxd7 5. c4 Nf6 6. Nc3 g6 7. d4 cxd4 8.
Nxd4 Bg7 9. f3 O-O 10. Be3 Nc6 11. O-O a6 12. a4 Rac8 13. Nde2 e6 14. Kh1 Qc7
15. Rb1 Rfd8 16. Bg5 h6 17. Bh4 Nb4 18. Rc1 Qa5 19. b3 Qh5 20. Bg3 Qa5 21. Be1
Qc5 22. Qd2 Nc6 23. Nd5 exd5 24. cxd5 Qb6 25. dxc6 bxc6 26. b4 c5 27. Qe3 Qc6
28. Qa3 Nd7 29. Nf4 Re8 30. Qa2 Nb6 31. bxc5 Qxa4 32. Qb1 Nc4 33. cxd6 Nxd6 34.
Rxc8 Rxc8 35. Nd5 Kh7 36. Bg3 Nc4 37. Qb7 Rf8 38. h4 Qb5 39. Rb1 Qxb7 40. Rxb7
Be5 41. Bxe5 Nxe5 42. Ra7 h5 43. Rxa6 Kg7 44. Ra7 Rb8 45. Nf4 Nc6 46. Rc7 Nd8
47. Rd7 Kf8 48. Kh2 Ke8 49. Ra7 Kf8 50. Kg3 Rc8 51. Nd5 Kg7 52. Nf4 Kf6 53.
Ra6+ Kg7 54. Rd6 Nb7 55. Rd7 Nc5 56. Rd6 Rc7 57. Kh3 Ra7 58. Kh2 Rc7 59. Kg3
Ra7 60. Rc6 Nd7 61. Nd3 Ra3 62. Rd6 Nf8 63. Nf4 Ra7 64. Rc6 Rb7 65. Kf2 Rb2+
66. Kg3 Rb7 67. Rc8 Ra7 68. Re8 Rb7 69. Re5 Ra7 70. Kh3 Kf6 71. Rb5 Kg7 72. Rb8
Re7 73. Rb6 Ra7 74. Kg3 Nd7 75. Rc6 Nf8 76. Rc8 Re7 77. Nd5 Ra7 78. Nc7 Nd7 79.
Ne8+ Kf8 80. Nd6+ Ke7 81. Nb5 Rb7 82. Nc3 Nb6 83. Rc6 Kf8 84. Nb5 Nd7 85. Nd6
Ra7 86. Kf4 Kg7 87. Rc8 Nf6 88. g3 Re7 89. Ra8 Re6 90. Rd8 Re7 91. e5 Nd5+ 92.
Ke4 Nc3+ 93. Kd3 Rxe5 94. Kxc3 Re3+ 95. Kd4 Rxf3 96. Ne4 Rf1 97. Ke3 Rf5 98.
Rd7 Kf8 99. Rd8+ Kg7 100. Nd6 Re5+ 101. Kf3 Re7 102. Kf4 Re1 103. Rd7 Rf1+ 104.
Ke4 Kf8 105. Ke3 Rf6 106. Ke2 Re6+ 107. Kf2 Rf6+ 108. Kg1 Rf3 109. Kg2 Rf6 110.
Ne4 Rf5 111. Rc7 Kg8 112. Nd6 Rf6 113. Rc8+ Kh7 114. Rd8 1-0

[Event "Schachbundesliga 2013/2014"]
[Site "?"]
[Date "2014.04.05"]
[Round "14.2"]
[White "Mista, Aleksander"]
[Black "Yilmaz, Mustafa"]
[Result "0-1"]
[WhiteElo "2584"]
[BlackElo "2567"]
[PlyCount "86"]
[EventDate "2014.??.??"]
[WhiteClock "0:39:15"]
[BlackClock "0:30:45"]

1. e4 c5 2. Nf3 d6 3. d4 cxd4 4. Nxd4 Nf6 5. Nc3 a6 6. Be3 e5 7. Nb3 Be6 8. f3
h5 9. Qd2 Nbd7 10. Nd5 Bxd5 11. exd5 Qc7 12. Rc1 g6 13. Be2 Ng8 14. c4 Bh6 15.
f4 Ne7 16. fxe5 Bxe3 17. Qxe3 Nxe5 18. O-O Nf5 19. Qd2 b6 20. Bd3 Nh6 21. Bb1
Kf8 22. Nd4 Kg7 23. b4 Rhe8 24. h3 Rac8 25. Bd3 Qd8 26. Be2 Rc7 27. Qf4 Kh7 28.
Rf2 Qc8 29. Nb3 Qd8 30. Rd1 h4 31. c5 bxc5 32. bxc5 dxc5 33. d6 Rc6 34. Rd5 Nd7
35. Qa4 Rb6 36. Bxa6 Rb4 37. Qc6 Rb6 38. Qa4 Rb4 39. Qc6 Nb8 40. Qa8 c4 41. Nd2
Qb6 42. Rb5 Rxb5 43. Bxb5 Qxb5 0-1

[Event "Schachbundesliga 2013/2014"]
[Site "?"]
[Date "2014.04.05"]
[Round "14.3"]
[White "Pruijssers, Roeland"]
[Black "Michalik, Peter"]
[Result "1/2-1/2"]
[WhiteElo "2529"]
[BlackElo "2584"]
[PlyCount "81"]
[EventDate "2014.??.??"]
[WhiteClock "0:06:31"]
[BlackClock "0:28:58"]

1. e4 e5 2. Nf3 Nc6 3. Bc4 Bc5 4. c3 Nf6 5. d3 a6 6. O-O Ba7 7. Bb3 O-O 8. Re1
d6 9. h3 Be6 10. Nbd2 Bxb3 11. Qxb3 Qd7 12. Nf1 h6 13. Ng3 Rfe8 14. a4 Na5 15.
Qc2 Nc6 16. b4 a5 17. b5 Ne7 18. d4 Ng6 19. Be3 Qe6 20. c4 exd4 21. Nxd4 Qe7
22. Ndf5 Qe6 23. Bxa7 Rxa7 24. c5 dxc5 25. Qxc5 b6 26. Qe3 Qe5 27. Nd4 Qg5 28.
Rac1 Qxe3 29. Rxe3 Nd7 30. Nb3 Nf4 31. Rd1 Ne5 32. Ne2 Nxe2+ 33. Rxe2 c6 34.
bxc6 Nxc6 35. Rd6 Re6 36. Rxe6 fxe6 37. Rc2 Ne5 38. f4 Nd3 39. g3 Kf7 40. Rc6
Nb2 41. Rxb6 1/2-1/2